| 000 | 00487nam a2200181Ia 4500 | ||
|---|---|---|---|
| 008 | 131103s9999 xx 000 0 und d | ||
| 040 | _aLoreto College | ||
| 041 | _aEnglish | ||
| 082 |
_a891.432/PRE _bLCLIB/2370 |
||
| 100 | _aMetalink,Maurice | ||
| 245 |
_aSabe Tar _cMaurice Metalink;translated by Premchand |
||
| 260 |
_aAllahabad _bHansh Prakashan _c[19 - ?] |
||
| 300 |
_a67 p. _c 21 cm. |
||
| 650 | _aPremchand | ||
| 651 | _aHindi - Fiction | ||
| 850 | _aLCLIB | ||
| 942 | _cBK | ||
| 999 |
_c18822 _d69301 |
||